000 00576nam a22001695i 4500
001 170899
003 ES-MaACL
005 20230906214506.0
008 090415s1890 fr |||| | fre d
080 _a821.133.1-2"18"
100 1 _aMeilhac, Henri.
_9129795
245 1 0 _aMam'zelle Nitouche
_b: comédie-vaudeville en trois actes /
_cH. Meilhac & A. Millaud.
260 _aParis :
_bLibrairie Théâtrale,
_c[1890?]
300 _a116 p. ;
_c19 cm.
700 1 _aMillaud, Albert.
_9129924
852 4 _aES-MaACL
_jE-12568
_9R.140161
_z. - Biblioteca Jacinto Martínez Lacalle
999 _c170899
_d170899